Fussballnationalspieler Top 20 - Statistiken

Allgemein
  • Dieses Quiz wurde 65 mal gespielt
  • Das Durchschnittsergebnis liegt bei 33 aus 80
Antwortstatistiken
Position Einsätze von-bis Land Antwort % Korrekt
Torwart 124 2009-2024 Manuel Neuer
98%
86 1995-2006 Oliver Kahn
94%
Abwehr 113 2004-2014 Philip Lahm
90%
62 1966-1974 BRD Gerd Müller
86%
46 1984-1989 DDR Rene Müller
86%
131 2010-2024 Thomas Müller
86%
103 1965-1977 BRD Franz Beckenbauer
84%
61 1998-2008 Jens Lehmann
84%
76 2009-2018 Jerome Boateng
84%
Mittelfeld 150 1980-2000 BRD Lothar Matthäus
84%
78 2010-2023 Mats Hummels
84%
121 2004-2016 Bastian Schweinsteiger
80%
130 2004-2017 Lukas Podolski
80%
Sturm 137 2001-2014 Miroslav Klose
80%
104 2004-2014 Per Mertesacker
80%
101 2016- Joshua Kimmich
78%
114 2010-2024 Toni Kroos
78%
95 1966-1979 BRD Sepp Maier
69%
70 2015- Leroy Sane
65%
92 2009-2018 Mesut Özil
65%
44 2012- Marc Andre ter Stegen
63%
108 1987-1998 BRD Jürgen Klinsmann
61%
98 1999-2010 Michael Ballack
61%
61 2014- Leon Goretzka
59%
78 2007-2018 Mario Gomez
59%
82 2002-2011 Arne Friedrich
55%
90 1982-1994 BRD Rudi Völler
55%
77 2009-2018 Sami Khedira
55%
86 1984-1994 BRD Andreas Brehme
51%
72 1954-1970 BRD Uwe Seeler
49%
79 2014- Antonio Rüdiger
47%
82 2011-2024 Ilkay Gündogan
47%
66 2010-2023 Mario Götze
47%
59 1990-1998 Andreas Köpke
45%
81 1999-2008 Bernd Schneider
45%
70 1996-2002 Oliver Bierhoff
45%
76 1979-1986 BRD Toni Schumacher
45%
61 1940-1958 BRD Fritz Walter
43%
74 1986-1997 DDRBRD Matthias Sammer
43%
105 1986-1998 BRD Jürgen Kohler
41%
95 1976-1986 BRD Karl Heinz Rummenigge
41%
79 2001-2009 Torsten Frings
41%
100 1985-2000 DDRBRD Ulf Kirsten
39%
85 1988-1999 BRD Andreas Möller
37%
96 1967-1978 BRD Berti Vogts
33%
69 1998-2008 Oliver Neuville
33%
73 1981-1990 BRD Pierre Littbarski
31%
101 1988-2000 BRD Thomas Hässler
31%
20 1950-1954 BRD Toni Turek
31%
19 1980-1988 BRD Eike Immel
27%
58 2012-2022 Julian Draxler
27%
72 1993-2004 Christian Ziege
22%
59 1997-2005 Didi Hamann
22%
76 1984-1994 BRD Guido Buchwald
22%
68 1990-1998 BRD Thomas Helmer
22%
61 1984-1994 DDRBRD Andreas Thom
18%
69 1987-1998 BRD Stefan Reuter
18%
81 1963-1974 BRD Wolfgang Overath
18%
54 1987-1994 BRD Bodo Ilgner
16%
96 1969-1985 DDR Hans Jürgen Dörner
16%
98 1969-1984 DDR Joachim Streich
16%
69 1975-1983 BRD Manfred Kaltz
14%
39 1957-1967 BRD Hans Tilkowski
12%
81 1978-1986 BRD Karl Heinz Förster
12%
21 1954-1958 BRD Fritz Herkenrath
8%
72 1979-1986 BRD Hans Peter Briegel
6%
21 1920-1930 BRD Heiner Stuhlfauth
6%
86 1967-1981 DDR Jürgen Croy
6%
69 1962-1976 DDR Eberhard Vogel
4%
65 1933-1942 BRD Ernst Lehner
4%
38 1930-1939 BRD Hans Jakob
4%
78 1970-1981 DDR Konrad Weise
4%
62 1973-1981 DDR Martin Hoffmann
4%
59 1980-1988 DDR Matthias Liebers
4%
71 1932-1942 BRD Paul Janes
4%
63 1962-1975 DDR Peter Ducke
4%
33 1979-1988 DDR Bodo Rudwaleit
2%
17 1932-1938 BRD Fritz Buchloh
2%
21 1975-1981 DDR Hans Ulrich Grapenthin
2%
29 1954-1962 DDR Karl Heinz Spickenagel
2%
Keine übereinstimmenden Quizze gefunden
Verteilung der Resultate
Anzahl Personen mit jedem Resultat
Perzentil nach korrekt beantworteten Fragen
Ihre Resultats-Entwicklung
Sie haben dieses Quiz noch nicht gespielt